00413nam a2200145Ia 4500003000400000005001700004008004100021020001800062040000900080082002300089100002500112245008700137260003400224300000900258OSt20200605150545.0190216s9999||||xx |||||||||||||| ||und|| a9780416335408 coclc a325.3410954bSCH/R aSchweinitz, Karl De  4aThe Rise And Fall Of British India Imperialism As Inequality /cKarl De Schweinitz bMethuen & Co,c1983.aLondon: a275p